Escribir: apuntes sobre una práctica

Salvato in:
Dettagli Bibliografici
Autori principali: Bas, Alcira (Autore), Klein, Irene (Autore), Lotito, Liliana (Autore), Vernino, Teresita (Autore)
Natura: Libro
Lingua:spagnolo
Pubblicazione: Buenos Aires Eudeba 1999
Serie:Temas. Comunicación
Soggetti:
Tags: Aggiungi Tag
Nessun Tag, puoi essere il primo ad aggiungerne!!

MARC

LEADER 00000nam a2200000 a 4500
001 UCO6559
003 CL-VaPUC
008 001027e19990000AG |||||||||||||||||spa|d
082 0 4 |a 372.6  |b BAS  |2 21 
100 0 |a Bas, Alcira  |e author  |9 451281 
700 |a Klein, Irene  |e author  |9 532085 
700 0 |a Lotito, Liliana  |e author  |9 451283 
700 0 |a Vernino, Teresita  |e author  |9 451284 
245 1 0 |a Escribir: apuntes sobre una práctica 
300 |a 127 p 
942 |c BK 
945 |d 20001027 00:00:00  |a vberengu 
260 |a Buenos Aires  |b Eudeba  |c 1999 
650 0 |a Análisis del discurso  |9 256696 
650 0 |a Educación lingüística  |9 306506 
650 0 |a Enseñanza de la escritura  |9 307377 
650 0 |a Métodos de enseñanza  |9 270413 
583 |a last modification  |c 20001027 00:00:00  |k Rodrigo Vera 
490 0 |a Temas. Comunicación 
999 |c 292045  |d 292043 
952 |0 0  |1 0  |4 0  |6 372_600000000000000_BAS_1999  |7 0  |8 A  |9 342571  |a FDOPOS  |b FDOPOS  |d 2019-11-20  |i 3664074  |o 372.6 BAS 1999  |p 3664074  |r 2025-01-22  |w 2019-11-20  |y BK  |k MLA